000 00451nam a2200169Ia 4500
008 100226t1999 xxu||||| |||| 00| 0 sin d
041 _asin
080 _aX8S31
_bANA
100 _aAnanda, Deeman
245 _aඩ්‍රැකියුලා සිටුවරයා
246 _aDrakula Situvaraya
260 _bThrasa
_aMt.Lavinia
_c1999
300 _a140p., 16 cm
942 _cBK
999 _c71453
_d71453
003 LK-CoDNM
040 _aLK-CoDNM
_dLK-CoDNM
_eLK-CoDNM